00242nam a2200097Ia 4500001000800000005001700008008004100025020001800066245004200084260001800126127241420260417151428.0260417s9999 xx 000 0 und d a9786256126718 0aParlak Beyin KılavuzucNicola Morgan bKetebe Genç